[Event "Blitz 2018"]
[Site "Saint-Petersburg"]
[Date "2018.12.30"]
[Round "19"]
[Board "21"]
[White "Kovalenko Igor (LAT)"]
[Black "Cheparinov Ivan (GEO)"]
[Result "1/2-1/2"]
[LiveChessVersion "1.4.8"]
[BlackElo "2618"]
[WhiteElo "2693"]

1. Nf3 {[%clk 0:03:03]} d5 {[%clk 0:03:03]} 2. e3 {[%clk 0:03:04]} Nf6
{[%clk 0:03:02]} 3. c4 {[%clk 0:03:05]} e6 {[%clk 0:03:02]} 4. b3
{[%clk 0:03:03]} c5 {[%clk 0:03:02]} 5. Bb2 {[%clk 0:03:05]} Nc6 {[%clk 0:03:02]}
6. cxd5 {[%clk 0:03:06]} exd5 {[%clk 0:03:03]} 7. Bb5 {[%clk 0:03:07]} Bd6
{[%clk 0:03:03]} 8. O-O {[%clk 0:03:05]} O-O {[%clk 0:03:03]} 9. h3
{[%clk 0:03:03]} a6 {[%clk 0:02:38]} 10. Bxc6 {[%clk 0:03:01]} bxc6
{[%clk 0:02:39]} 11. d3 {[%clk 0:03:02]} Bf5 {[%clk 0:02:36]} 12. Re1
{[%clk 0:02:59]} Re8 {[%clk 0:02:36]} 13. Nc3 {[%clk 0:02:54]} Bg6
{[%clk 0:02:26]} 14. Na4 {[%clk 0:02:54]} Nd7 {[%clk 0:02:25]} 15. Rc1
{[%clk 0:02:51]} Qe7 {[%clk 0:02:16]} 16. d4 {[%clk 0:02:49]} Be4
{[%clk 0:01:46]} 17. Nd2 {[%clk 0:02:43]} cxd4 {[%clk 0:01:31]} 18. Nxe4
{[%clk 0:02:43]} Qxe4 {[%clk 0:01:30]} 19. Qxd4 {[%clk 0:02:43]} Qxd4
{[%clk 0:01:30]} 20. Bxd4 {[%clk 0:02:42]} Rec8 {[%clk 0:01:27]} 21. Red1
{[%clk 0:02:37]} Kf8 {[%clk 0:01:17]} 22. Bb2 {[%clk 0:02:11]} Rc7
{[%clk 0:00:58]} 23. g3 {[%clk 0:02:05]} f5 {[%clk 0:00:52]} 24. g4
{[%clk 0:01:54]} fxg4 {[%clk 0:00:51]} 25. hxg4 {[%clk 0:01:55]} Re8
{[%clk 0:00:51]} 26. Bd4 {[%clk 0:01:43]} Ne5 {[%clk 0:00:41]} 27. Bxe5
{[%clk 0:01:39]} Rxe5 {[%clk 0:00:42]} 28. Rd3 {[%clk 0:01:23]} Rg5
{[%clk 0:00:36]} 29. f3 {[%clk 0:01:02]} h5 30. Rdc3 hxg4 {[%clk 0:00:35]} 31. f4
{[%clk 0:01:05]} Rh5 {[%clk 0:00:23]} 32. Rxc6 {[%clk 0:01:06]} Rxc6
{[%clk 0:00:25]} 33. Rxc6 {[%clk 0:01:07]} Bb4 {[%clk 0:00:14]} 34. Rxa6
{[%clk 0:01:01]} Bd2 {[%clk 0:00:14]} 35. Re6 {[%clk 0:01:02]} Kf7
{[%clk 0:00:13]} 36. Nc5 {[%clk 0:00:51]} d4 {[%clk 0:00:10]} 37. Re5
{[%clk 0:00:53]} Bxe3+ {[%clk 0:00:10]} 38. Kg2 {[%clk 0:00:53]} Rh8
{[%clk 0:00:07]} 39. a4 {[%clk 0:00:50]} g6 {[%clk 0:00:07]} 40. a5
{[%clk 0:00:50]} Bxf4 {[%clk 0:00:08]} 41. Re4 {[%clk 0:00:50]} g5
{[%clk 0:00:08]} 42. Nd3 {[%clk 0:00:48]} Rh2+ {[%clk 0:00:07]} 43. Kg1
{[%clk 0:00:50]} Ra2 {[%clk 0:00:06]} 44. Nxf4 {[%clk 0:00:47]} gxf4
{[%clk 0:00:07]} 45. Rxf4+ Ke6 46. Rxd4 {[%clk 0:00:42]} Rxa5 {[%clk 0:00:09]}
47. Rxg4 {[%clk 0:00:44]} Ra3 {[%clk 0:00:09]} 48. Rb4 {[%clk 0:00:44]} Kd5
{[%clk 0:00:11]} 49. Kf2 {[%clk 0:00:45]} Kc5 {[%clk 0:00:12]} 50. Rb8
{[%clk 0:00:46]} Kc6 {[%clk 0:00:13]} 51. Ke3 {[%clk 0:00:47]} Kc7
{[%clk 0:00:14]} 52. Rb4 {[%clk 0:00:48]} Ra5 {[%clk 0:00:15]} 53. Kd4
{[%clk 0:00:48]} Rh5 {[%clk 0:00:17]} 54. Kc3 {[%clk 0:00:50]} Ra5
{[%clk 0:00:15]} 55. Kc4 {[%clk 0:00:50]} Kc6 {[%clk 0:00:14]} 56. Rb8
{[%clk 0:00:50]} Kc7 {[%clk 0:00:15]} 57. Rb5 {[%clk 0:00:51]} Ra1
{[%clk 0:00:16]} 58. Kc5 {[%clk 0:00:49]} Rc1+ {[%clk 0:00:17]} 59. Kb4
{[%clk 0:00:51]} Ra1 {[%clk 0:00:17]} 60. Kc4 {[%clk 0:00:50]} Rc1+
{[%clk 0:00:18]} 61. Kb4 {[%clk 0:00:51]} Ra1 {[%clk 0:00:19]} 62. Kc3
{[%clk 0:00:53]} Ra8 {[%clk 0:00:19]} 63. b4 {[%clk 0:00:51]} Kc6
{[%clk 0:00:19]} 64. Kc4 {[%clk 0:00:51]} Rh8 {[%clk 0:00:19]} 65. Rf5
{[%clk 0:00:51]} Rh4+ {[%clk 0:00:19]} 1/2-1/2

[Event "Blitz 2018"]
[Site "Saint-Petersburg"]
[Date "2018.12.30"]
[Round "19"]
[Board "22"]
[White "Ponkratov Pavel (RUS)"]
[Black "Tari Aryan (NOR)"]
[Result "1-0"]
[LiveChessVersion "1.4.8"]
[BlackElo "2608"]
[WhiteElo "2688"]

1. c4 {[%clk 0:03:03]} c5 {[%clk 0:03:03]} 2. Nc3 {[%clk 0:03:03]} g6
{[%clk 0:03:03]} 3. d4 {[%clk 0:03:03]} cxd4 {[%clk 0:03:00]} 4. Qxd4
{[%clk 0:03:04]} Nf6 {[%clk 0:03:01]} 5. Qh4 {[%clk 0:03:05]} Nc6
{[%clk 0:02:56]} 6. Bh6 {[%clk 0:03:04]} Qa5 {[%clk 0:02:43]} 7. Bxf8
{[%clk 0:02:56]} Rxf8 {[%clk 0:02:44]} 8. Nf3 {[%clk 0:02:33]} d6
{[%clk 0:02:42]} 9. e3 {[%clk 0:02:17]} Qh5 {[%clk 0:02:32]} 10. Qxh5
{[%clk 0:02:14]} Nxh5 {[%clk 0:02:32]} 11. Nd5 {[%clk 0:02:15]} Rb8
{[%clk 0:02:28]} 12. Be2 {[%clk 0:02:13]} e6 {[%clk 0:02:20]} 13. Nc3
{[%clk 0:02:07]} Ke7 {[%clk 0:02:21]} 14. g4 {[%clk 0:02:06]} Nf6
{[%clk 0:02:16]} 15. g5 {[%clk 0:02:07]} Nd7 {[%clk 0:02:18]} 16. O-O-O
{[%clk 0:02:04]} Rd8 {[%clk 0:02:03]} 17. h4 {[%clk 0:02:03]} b6 {[%clk 0:01:59]}
18. Nb5 {[%clk 0:01:43]} Nc5 {[%clk 0:01:52]} 19. Nfd4 {[%clk 0:01:44]} Bb7
{[%clk 0:01:50]} 20. f3 {[%clk 0:01:29]} a6 {[%clk 0:01:45]} 21. Nc3
{[%clk 0:01:29]} h5 {[%clk 0:01:29]} 22. Rd2 {[%clk 0:01:13]} Rbc8
{[%clk 0:01:14]} 23. Nxc6+ {[%clk 0:01:08]} Bxc6 {[%clk 0:01:14]} 24. Rhd1
{[%clk 0:01:09]} a5 {[%clk 0:01:03]} 25. b3 {[%clk 0:01:08]} Na6 {[%clk 0:00:50]}
26. Kb2 {[%clk 0:01:09]} Nc7 {[%clk 0:00:50]} 27. e4 Rb8 28. a3 {[%clk 0:00:51]}
b5 {[%clk 0:00:43]} 29. cxb5 {[%clk 0:00:52]} Nxb5 {[%clk 0:00:45]} 30. Bxb5
{[%clk 0:00:52]} Bxb5 {[%clk 0:00:46]} 31. e5 {[%clk 0:00:45]} d5
{[%clk 0:00:42]} 32. Ka2 {[%clk 0:00:27]} Rb6 {[%clk 0:00:43]} 33. Rc1
{[%clk 0:00:24]} Bd7 {[%clk 0:00:14]} 34. Ne2 {[%clk 0:00:22]} Rc6
{[%clk 0:00:10]} 35. Rxc6 {[%clk 0:00:22]} Bxc6 {[%clk 0:00:11]} 36. Nd4
{[%clk 0:00:22]} Bb7 {[%clk 0:00:11]} 37. Rc2 {[%clk 0:00:23]} Kd7
{[%clk 0:00:11]} 38. Kb2 {[%clk 0:00:23]} Ra8 {[%clk 0:00:09]} 39. Rc5
{[%clk 0:00:24]} Ra6 {[%clk 0:00:07]} 40. Kc3 {[%clk 0:00:24]} Ra8
{[%clk 0:00:08]} 41. b4 {[%clk 0:00:10]} axb4+ {[%clk 0:00:09]} 42. Kxb4
{[%clk 0:00:11]} Ba6 {[%clk 0:00:11]} 43. Rc6 {[%clk 0:00:06]} Bc4
{[%clk 0:00:09]} 44. a4 {[%clk 0:00:05]} Rb8+ {[%clk 0:00:11]} 45. Kc5
{[%clk 0:00:06]} Rb2 {[%clk 0:00:12]} 46. Rb6 {[%clk 0:00:07]} Ra2
{[%clk 0:00:13]} 47. Rb7+ {[%clk 0:00:08]} Ke8 {[%clk 0:00:12]} 48. Kd6 Kf8 49.
Ra7 {[%clk 0:00:08]} Rd2 {[%clk 0:00:12]} 50. Nb5 {[%clk 0:00:09]} d4
{[%clk 0:00:09]} 51. Kc5 {[%clk 0:00:10]} Bxb5 {[%clk 0:00:05]} 52. axb5
{[%clk 0:00:10]} Ke8 {[%clk 0:00:06]} 53. b6 {[%clk 0:00:11]} Rb2
{[%clk 0:00:06]} 54. Ra8+ {[%clk 0:00:09]} Kd7 {[%clk 0:00:07]} 55. Ra7+
{[%clk 0:00:10]} Ke8 {[%clk 0:00:08]} 56. b7 {[%clk 0:00:08]} Kd8
{[%clk 0:00:09]} 57. Kc6 {[%clk 0:00:09]} d3 {[%clk 0:00:07]} 58. Ra8+
{[%clk 0:00:09]} Ke7 {[%clk 0:00:09]} 59. b8=Q {[%clk 0:00:09]} Rc2+
{[%clk 0:00:08]} 60. Kb5 {[%clk 0:00:10]} Rb2+ {[%clk 0:00:09]} 61. Kc4
{[%clk 0:00:11]} 1-0

[Event "Blitz 2018"]
[Site "Saint-Petersburg"]
[Date "2018.12.30"]
[Round "19"]
[Board "23"]
[White "Anton Guijarro David (ESP)"]
[Black "Inarkiev Ernesto (RUS)"]
[Result "0-1"]
[LiveChessVersion "1.4.8"]
[BlackElo "2674"]
[WhiteElo "2631"]

1. Nf3 {[%clk 0:03:02]} d5 {[%clk 0:03:03]} 2. b3 {[%clk 0:03:03]} c5
{[%clk 0:03:02]} 3. e3 {[%clk 0:03:03]} a6 {[%clk 0:03:04]} 4. Bb2
{[%clk 0:03:02]} Nc6 {[%clk 0:03:05]} 5. g3 {[%clk 0:02:59]} Nf6 {[%clk 0:02:54]}
6. Bg2 {[%clk 0:02:57]} g6 {[%clk 0:02:55]} 7. d4 {[%clk 0:02:53]} Bg7
{[%clk 0:02:47]} 8. O-O {[%clk 0:02:51]} cxd4 {[%clk 0:02:48]} 9. Nxd4
{[%clk 0:02:51]} O-O {[%clk 0:02:49]} 10. Nxc6 {[%clk 0:02:50]} bxc6
{[%clk 0:02:50]} 11. c4 {[%clk 0:02:50]} Bg4 {[%clk 0:02:41]} 12. Qc2
{[%clk 0:02:37]} Qd7 {[%clk 0:02:41]} 13. Nc3 {[%clk 0:02:36]} Bh3
{[%clk 0:02:39]} 14. Rfd1 {[%clk 0:02:33]} Bxg2 {[%clk 0:02:37]} 15. Kxg2
{[%clk 0:02:34]} e6 {[%clk 0:02:32]} 16. Rac1 {[%clk 0:02:33]} Qb7
{[%clk 0:02:26]} 17. Na4 {[%clk 0:02:28]} Rfd8 {[%clk 0:02:16]} 18. cxd5
{[%clk 0:02:23]} cxd5 {[%clk 0:02:17]} 19. Qc6 {[%clk 0:02:22]} Qb4
{[%clk 0:02:04]} 20. Rd4 {[%clk 0:02:03]} Qf8 {[%clk 0:02:00]} 21. Rdd1
{[%clk 0:01:54]} Rdc8 {[%clk 0:01:54]} 22. Qb7 {[%clk 0:01:45]} Rcb8
{[%clk 0:01:50]} 23. Qc7 {[%clk 0:01:43]} Rc8 {[%clk 0:01:49]} 24. Qa5
{[%clk 0:01:25]} Ne4 {[%clk 0:01:44]} 25. Bxg7 {[%clk 0:01:13]} Qxg7
{[%clk 0:01:45]} 26. f3 {[%clk 0:00:43]} Nd6 {[%clk 0:01:24]} 27. Qd2
{[%clk 0:00:39]} Nf5 {[%clk 0:01:05]} 28. e4 {[%clk 0:00:25]} Ne7
{[%clk 0:00:59]} 29. Qb2 {[%clk 0:00:20]} Qxb2+ {[%clk 0:00:36]} 30. Nxb2
{[%clk 0:00:21]} dxe4 {[%clk 0:00:37]} 31. fxe4 {[%clk 0:00:22]} Nc6
{[%clk 0:00:37]} 32. Nc4 {[%clk 0:00:19]} Rd8 {[%clk 0:00:29]} 33. Kf3
{[%clk 0:00:10]} e5 {[%clk 0:00:26]} 34. Rd5 {[%clk 0:00:07]} Nd4+
{[%clk 0:00:23]} 35. Ke3 {[%clk 0:00:07]} f6 {[%clk 0:00:24]} 36. Na5
{[%clk 0:00:04]} Rxd5 {[%clk 0:00:18]} 37. exd5 {[%clk 0:00:05]} Rd8
{[%clk 0:00:19]} 38. Nc6 {[%clk 0:00:06]} Nf5+ {[%clk 0:00:17]} 39. Ke4
{[%clk 0:00:06]} Nd6+ {[%clk 0:00:14]} 40. Kd3 {[%clk 0:00:06]} Re8
{[%clk 0:00:15]} 41. a4 {[%clk 0:00:04]} f5 {[%clk 0:00:14]} 42. b4
{[%clk 0:00:04]} g5 {[%clk 0:00:15]} 43. Rf1 {[%clk 0:00:03]} f4 {[%clk 0:00:16]}
44. gxf4 {[%clk 0:00:04]} gxf4 {[%clk 0:00:18]} 45. Kc3 {[%clk 0:00:04]} Kg7
{[%clk 0:00:17]} 46. Re1 {[%clk 0:00:05]} e4 {[%clk 0:00:19]} 47. Kd4
{[%clk 0:00:06]} Kf6 {[%clk 0:00:19]} 48. Rf1 {[%clk 0:00:07]} f3
{[%clk 0:00:21]} 49. Kc5 {[%clk 0:00:06]} Nf5 {[%clk 0:00:21]} 50. b5
{[%clk 0:00:06]} axb5 {[%clk 0:00:22]} 51. axb5 e3 52. Rxf3 {[%clk 0:00:05]} e2
{[%clk 0:00:24]} 53. Rxf5+ {[%clk 0:00:05]} Kxf5 {[%clk 0:00:24]} 54. Nd4+
{[%clk 0:00:06]} Kf6 {[%clk 0:00:24]} 55. Nxe2 {[%clk 0:00:05]} Rxe2
{[%clk 0:00:26]} 56. Kd6 {[%clk 0:00:04]} Rxh2 {[%clk 0:00:24]} 57. b6
{[%clk 0:00:05]} Rb2 {[%clk 0:00:24]} 58. Kc7 {[%clk 0:00:06]} Ke5
{[%clk 0:00:22]} 59. d6 {[%clk 0:00:07]} Rxb6 {[%clk 0:00:21]} 60. Kxb6
{[%clk 0:00:04]} Kxd6 {[%clk 0:00:23]} 61. Kb5 {[%clk 0:00:04]} Kd5
{[%clk 0:00:24]} 62. Kb4 {[%clk 0:00:05]} Kd4 {[%clk 0:00:26]} 0-1

[Event "Blitz 2018"]
[Site "Saint-Petersburg"]
[Date "2018.12.30"]
[Round "19"]
[Board "24"]
[White "Hovhannisyan Robert (ARM)"]
[Black "Esipenko Andrey (RUS)"]
[Result "1-0"]
[LiveChessVersion "1.4.8"]
[BlackElo "2673"]
[WhiteElo "2588"]

1. e4 {[%clk 0:03:03]} c6 {[%clk 0:03:04]} 2. d4 {[%clk 0:03:04]} d5 3. e5 Bf5
{[%clk 0:03:07]} 4. Nf3 e6 5. Be2 {[%clk 0:03:08]} c5 {[%clk 0:03:09]} 6. Be3
{[%clk 0:03:09]} cxd4 {[%clk 0:03:10]} 7. Nxd4 {[%clk 0:03:10]} Ne7
{[%clk 0:03:11]} 8. Nd2 {[%clk 0:03:11]} Nbc6 {[%clk 0:03:12]} 9. N2f3
{[%clk 0:03:12]} Bg4 {[%clk 0:03:13]} 10. O-O {[%clk 0:03:09]} Bxf3
{[%clk 0:02:58]} 11. Nxf3 {[%clk 0:03:10]} Nf5 {[%clk 0:02:59]} 12. Bf4
{[%clk 0:03:11]} h6 {[%clk 0:02:52]} 13. Bd3 {[%clk 0:03:07]} g5 {[%clk 0:02:53]}
14. Bxf5 {[%clk 0:03:07]} gxf4 {[%clk 0:02:52]} 15. Bd3 {[%clk 0:03:02]} Bg7
{[%clk 0:02:47]} 16. Re1 {[%clk 0:03:01]} Qc7 {[%clk 0:02:44]} 17. c4
{[%clk 0:02:43]} Rd8 {[%clk 0:02:08]} 18. Qe2 {[%clk 0:02:44]} a6
{[%clk 0:01:51]} 19. Rac1 {[%clk 0:02:41]} dxc4 {[%clk 0:01:42]} 20. Rxc4 Qa5 21.
Rxf4 {[%clk 0:02:07]} Nxe5 {[%clk 0:01:42]} 22. Nxe5 {[%clk 0:02:06]} Qxe5
{[%clk 0:01:40]} 23. Re4 {[%clk 0:02:02]} Qd6 {[%clk 0:01:27]} 24. Bc4
{[%clk 0:01:51]} O-O {[%clk 0:01:25]} 25. g3 {[%clk 0:01:49]} Qd2
{[%clk 0:01:24]} 26. Qh5 {[%clk 0:01:38]} Qxb2 {[%clk 0:01:18]} 27. R1e2
{[%clk 0:00:57]} Qf6 {[%clk 0:01:16]} 28. Rf4 {[%clk 0:00:52]} Qc3
{[%clk 0:01:05]} 29. Bb3 {[%clk 0:00:44]} b5 {[%clk 0:01:00]} 30. Kg2
{[%clk 0:00:33]} Rd4 {[%clk 0:00:37]} 31. Rxf7 {[%clk 0:00:11]} Rxf7
{[%clk 0:00:37]} 32. Rxe6 {[%clk 0:00:12]} Rd8 {[%clk 0:00:23]} 33. Re8+
{[%clk 0:00:09]} Rxe8 {[%clk 0:00:19]} 34. Qxf7+ {[%clk 0:00:10]} Kh7
{[%clk 0:00:18]} 35. Qxe8 {[%clk 0:00:10]} Qf6 {[%clk 0:00:14]} 36. Bc2+
{[%clk 0:00:09]} 1-0

[Event "Blitz 2018"]
[Site "Saint-Petersburg"]
[Date "2018.12.30"]
[Round "19"]
[Board "25"]
[White "Alekseenko Kirill (RUS)"]
[Black "Predke Alexandr (RUS)"]
[Result "0-1"]
[LiveChessVersion "1.4.8"]
[BlackElo "2482"]
[WhiteElo "2665"]

1. d4 {[%clk 0:03:03]} d5 {[%clk 0:03:03]} 2. Nc3 {[%clk 0:03:04]} Nf6
{[%clk 0:03:03]} 3. Bf4 {[%clk 0:03:05]} e6 {[%clk 0:03:03]} 4. Nb5
{[%clk 0:03:06]} Bb4+ {[%clk 0:03:03]} 5. c3 {[%clk 0:03:06]} Ba5
{[%clk 0:03:04]} 6. e3 {[%clk 0:03:05]} O-O {[%clk 0:03:01]} 7. Bd3
{[%clk 0:03:05]} c6 {[%clk 0:02:58]} 8. Na3 {[%clk 0:02:58]} Nbd7
{[%clk 0:02:55]} 9. g4 {[%clk 0:02:39]} Bc7 {[%clk 0:02:55]} 10. g5
{[%clk 0:02:31]} Ne4 {[%clk 0:02:51]} 11. Bxc7 {[%clk 0:02:12]} Qxc7
{[%clk 0:02:51]} 12. Bxe4 {[%clk 0:02:14]} dxe4 {[%clk 0:02:52]} 13. Ne2
{[%clk 0:02:07]} e5 {[%clk 0:02:40]} 14. Nc4 {[%clk 0:01:49]} b5 {[%clk 0:02:31]}
15. Nd2 {[%clk 0:01:41]} exd4 {[%clk 0:02:27]} 16. cxd4 {[%clk 0:01:42]} c5
{[%clk 0:02:22]} 17. Rc1 {[%clk 0:01:43]} Qb6 {[%clk 0:02:03]} 18. h4
{[%clk 0:00:35]} cxd4 {[%clk 0:01:58]} 19. exd4 {[%clk 0:00:36]} Bb7
{[%clk 0:01:57]} 20. Rh3 {[%clk 0:00:37]} Rac8 {[%clk 0:01:39]} 21. Rhc3
{[%clk 0:00:32]} Rxc3 {[%clk 0:01:19]} 22. Rxc3 {[%clk 0:00:34]} Qd6
{[%clk 0:01:16]} 23. Nf1 {[%clk 0:00:32]} Nb6 {[%clk 0:01:16]} 24. Ne3
{[%clk 0:00:23]} Nd5 {[%clk 0:01:08]} 25. Nxd5 {[%clk 0:00:23]} Bxd5
{[%clk 0:01:09]} 26. Qd2 {[%clk 0:00:17]} Bxa2 {[%clk 0:01:01]} 27. b3
{[%clk 0:00:18]} Bb1 {[%clk 0:01:02]} 28. Qf4 {[%clk 0:00:16]} Qb4
{[%clk 0:01:01]} 29. Kd2 {[%clk 0:00:11]} Bd3 {[%clk 0:01:01]} 30. Nc1
{[%clk 0:00:10]} Rc8 {[%clk 0:00:56]} 31. Na2 {[%clk 0:00:12]} Qa5
{[%clk 0:00:57]} 32. Ke3 {[%clk 0:00:11]} Rf8 {[%clk 0:00:54]} 33. Qd6
{[%clk 0:00:05]} Qxa2 {[%clk 0:00:54]} 34. Rc7 {[%clk 0:00:04]} Qe2+
{[%clk 0:00:53]} 35. Kf4 {[%clk 0:00:05]} Qxf2+ {[%clk 0:00:51]} 36. Ke5
{[%clk 0:00:07]} Qg3+ {[%clk 0:00:51]} 37. Kd5 {[%clk 0:00:07]} Qxd6+
{[%clk 0:00:52]} 0-1

[Event "Blitz 2018"]
[Site "Saint-Petersburg"]
[Date "2018.12.30"]
[Round "19"]
[Board "26"]
[White "Yilmaz Mustafa (TUR)"]
[Black "Amin Bassem (EGY)"]
[Result "0-1"]
[LiveChessVersion "1.4.8"]
[BlackElo "2659"]
[WhiteElo "2515"]

1. Nf3 {[%clk 0:03:03]} f5 {[%clk 0:03:03]} 2. c4 {[%clk 0:03:00]} Nf6
{[%clk 0:03:04]} 3. Nc3 {[%clk 0:03:01]} e6 {[%clk 0:03:03]} 4. g3
{[%clk 0:02:56]} Be7 {[%clk 0:03:04]} 5. Bg2 {[%clk 0:02:57]} O-O
{[%clk 0:03:05]} 6. O-O {[%clk 0:02:58]} d6 {[%clk 0:03:06]} 7. d4
{[%clk 0:02:54]} Qe8 {[%clk 0:03:07]} 8. Re1 {[%clk 0:02:23]} Ne4
{[%clk 0:03:07]} 9. Qc2 {[%clk 0:02:20]} Qg6 {[%clk 0:03:07]} 10. Be3
{[%clk 0:02:02]} Nxc3 {[%clk 0:03:01]} 11. Qxc3 {[%clk 0:01:47]} Nc6
{[%clk 0:02:19]} 12. Rad1 {[%clk 0:01:42]} Bf6 {[%clk 0:02:13]} 13. Qc1
{[%clk 0:01:41]} e5 {[%clk 0:02:12]} 14. dxe5 {[%clk 0:01:38]} dxe5
{[%clk 0:02:13]} 15. Bc5 {[%clk 0:01:38]} Re8 {[%clk 0:02:13]} 16. b4
{[%clk 0:01:11]} b6 {[%clk 0:01:38]} 17. Be3 {[%clk 0:00:29]} f4 {[%clk 0:01:27]}
18. Bd2 {[%clk 0:00:26]} Bf5 {[%clk 0:01:15]} 19. b5 {[%clk 0:00:26]} Ne7
{[%clk 0:01:02]} 20. Bc3 {[%clk 0:00:27]} e4 {[%clk 0:00:58]} 21. Ne5
{[%clk 0:00:25]} Qh5 {[%clk 0:00:50]} 22. Qxf4 {[%clk 0:00:23]} Bg5
{[%clk 0:00:51]} 23. g4 {[%clk 0:00:17]} Bxf4 {[%clk 0:00:33]} 24. gxh5
{[%clk 0:00:19]} Rad8 {[%clk 0:00:31]} 25. e3 {[%clk 0:00:12]} Bg5
{[%clk 0:00:32]} 26. f4 {[%clk 0:00:12]} exf3 {[%clk 0:00:29]} 27. Bxf3
{[%clk 0:00:12]} Rxd1 {[%clk 0:00:29]} 28. Rxd1 {[%clk 0:00:09]} Bxe3+
{[%clk 0:00:30]} 29. Kg2 {[%clk 0:00:10]} Bf4 {[%clk 0:00:27]} 30. Nc6
{[%clk 0:00:08]} Nxc6 {[%clk 0:00:20]} 31. Bxc6 {[%clk 0:00:09]} Re3
{[%clk 0:00:15]} 32. Rd8+ {[%clk 0:00:08]} Kf7 {[%clk 0:00:16]} 33. Bd4
{[%clk 0:00:05]} Rd3 {[%clk 0:00:14]} 34. Bd5+ {[%clk 0:00:05]} Ke7
{[%clk 0:00:15]} 35. Rg8 {[%clk 0:00:03]} Rxd4 {[%clk 0:00:15]} 36. Rxg7+
{[%clk 0:00:04]} Kf6 {[%clk 0:00:17]} 37. Rf7+ {[%clk 0:00:05]} Kg5
{[%clk 0:00:17]} 38. h4+ {[%clk 0:00:06]} Kxh4 {[%clk 0:00:13]} 39. Rxf5
{[%clk 0:00:07]} Kg4 {[%clk 0:00:15]} 40. Rf7 {[%clk 0:00:07]} Rd2+
{[%clk 0:00:16]} 41. Kf1 {[%clk 0:00:08]} h6 {[%clk 0:00:16]} 42. a4
{[%clk 0:00:07]} Ra2 {[%clk 0:00:11]} 43. Rg7+ {[%clk 0:00:05]} Kf5
{[%clk 0:00:08]} 44. Rf7+ {[%clk 0:00:05]} Kg5 {[%clk 0:00:08]} 45. a5
{[%clk 0:00:04]} bxa5 {[%clk 0:00:07]} 46. Rg7+ {[%clk 0:00:04]} Kh4
{[%clk 0:00:08]} 47. Be6 {[%clk 0:00:05]} Bd6 {[%clk 0:00:05]} 48. c5
{[%clk 0:00:05]} Ra1+ 49. Ke2 {[%clk 0:00:06]} Bxc5 {[%clk 0:00:06]} 50. Rxc7
{[%clk 0:00:07]} Bb6 {[%clk 0:00:07]} 51. Rg7 {[%clk 0:00:03]} Kxh5
{[%clk 0:00:08]} 52. Bg4+ {[%clk 0:00:04]} Kh4 53. Kf3 {[%clk 0:00:07]} Rf1+
{[%clk 0:00:09]} 54. Ke4 Rg1 {[%clk 0:00:08]} 55. Kf4 {[%clk 0:00:08]} h5
{[%clk 0:00:07]} 0-1

[Event "Blitz 2018"]
[Site "Saint-Petersburg"]
[Date "2018.12.30"]
[Round "19"]
[Board "27"]
[White "Lintchevski Daniil (RUS)"]
[Black "Guseinov Gadir (AZE)"]
[Result "0-1"]
[LiveChessVersion "1.4.8"]
[BlackElo "2708"]
[WhiteElo "2594"]

1. e4 {[%clk 0:03:03]} c5 {[%clk 0:03:04]} 2. Nf3 {[%clk 0:03:04]} g6
{[%clk 0:03:05]} 3. c3 {[%clk 0:03:05]} d5 {[%clk 0:03:03]} 4. exd5
{[%clk 0:02:58]} Qxd5 {[%clk 0:03:03]} 5. d4 {[%clk 0:02:59]} Bg7
{[%clk 0:03:04]} 6. Be2 {[%clk 0:02:52]} cxd4 {[%clk 0:03:03]} 7. cxd4
{[%clk 0:02:53]} Nf6 {[%clk 0:03:04]} 8. Nc3 {[%clk 0:02:54]} Qd6
{[%clk 0:03:04]} 9. O-O {[%clk 0:02:42]} O-O {[%clk 0:03:04]} 10. Ne5
{[%clk 0:02:37]} Nc6 {[%clk 0:03:04]} 11. Nxc6 {[%clk 0:02:37]} bxc6
{[%clk 0:03:04]} 12. Be3 {[%clk 0:02:28]} Rb8 {[%clk 0:03:03]} 13. b3
{[%clk 0:02:27]} Rd8 {[%clk 0:02:58]} 14. Rc1 {[%clk 0:02:27]} Nd5
{[%clk 0:02:39]} 15. Bf3 {[%clk 0:02:18]} Nxe3 {[%clk 0:02:14]} 16. fxe3
{[%clk 0:02:18]} e5 {[%clk 0:02:15]} 17. dxe5 {[%clk 0:02:07]} Qe7
{[%clk 0:02:08]} 18. Qe2 Bxe5 {[%clk 0:02:05]} 19. g3 {[%clk 0:01:53]} Bf5
{[%clk 0:01:53]} 20. Rfd1 {[%clk 0:01:40]} Rxd1+ {[%clk 0:01:49]} 21. Nxd1
{[%clk 0:01:41]} h5 {[%clk 0:01:43]} 22. Rxc6 {[%clk 0:01:38]} h4
{[%clk 0:01:44]} 23. g4 {[%clk 0:01:38]} Be6 {[%clk 0:01:38]} 24. Nc3
{[%clk 0:01:37]} Rd8 {[%clk 0:01:27]} 25. Kg2 {[%clk 0:01:10]} h3+
{[%clk 0:01:15]} 26. Kxh3 {[%clk 0:01:04]} Qf6 {[%clk 0:01:15]} 27. Ne4
{[%clk 0:00:39]} Qh8+ 28. Kg2 Bd5 {[%clk 0:00:56]} 29. Ng3 {[%clk 0:00:35]} Bxc6
{[%clk 0:00:52]} 30. Bxc6 {[%clk 0:00:37]} Bxg3 {[%clk 0:00:53]} 31. hxg3
{[%clk 0:00:37]} Qc3 {[%clk 0:00:54]} 32. Qf3 {[%clk 0:00:36]} Rd2+
{[%clk 0:00:52]} 33. Kh3 {[%clk 0:00:37]} Qh8# 0-1